000 00391nam a2200133Ia 4500
008 151021s9999 xx 000 0 und d
245 _a_Special needs education learners handbook Robert K. Karanja
250 _a2nd ed.
260 _aNairobi KISE 2004
300 _av,54p.;ill
500 _aIncludes bibliographies
650 _a_Special education
980 _a^d20120523 10:56:34^oanne
999 _c9010
_d9010